| 000 | 00793nam a2200277 4500 | ||
|---|---|---|---|
| 003 | OSt | ||
| 005 | 20260530113844.0 | ||
| 008 | 260508b2006 |||o|||| |||| 00| 0 eng d | ||
| 020 | _a9788425222252 | ||
| 040 |
_aICI _bspa _cICI |
||
| 050 |
_aZ246 _bD57 |
||
| 100 | 1 |
_aGodfrey, Jason _930539 |
|
| 245 | 1 | 0 | _aDiseño de Catálogos y Folletos 5 |
| 264 | 1 |
_bGustavo Gili _c2006 _aChina |
|
| 300 | _a240 páginas | ||
| 336 |
_atexto _2rdacontent |
||
| 337 |
_asin medio _2rdamedia |
||
| 338 |
_avolumen _2rdacarrier |
||
| 650 |
_aCatálogos comerciales _xDiseño _930540 |
||
| 650 |
_aFolletos _xDiseño _930541 |
||
| 650 |
_aDiseño gráfico _918020 |
||
| 650 |
_aComunicación visual _930542 |
||
| 650 |
_aPublicidad impresa _930543 |
||
| 650 |
_aArtes gráficas _919721 |
||
| 942 |
_2lcc _cBK _n1 |
||
| 999 |
_c11223 _d11223 |
||